Score 0/42 Timer 07:00
0 Plays Today
TV Show % Correct
The Flintstones
93.8%
The Simpsons
93.6%
Family Guy
92.3%
Batman
91.1%
South Park
91%
Friends
87.4%
Dora the Explorer
87.3%
Everybody Loves Raymond
85.2%
Futurama
81%
I Love Lucy
78.6%
The Office
78.2%
Full House
75.7%
The Golden Girls
74.7%
Inspector Gadget
74.6%
M*A*S*H
69.2%
Bewitched
66.2%
Cheers
63.6%
Ren & Stimpy
63.4%
Sesame Street
63.2%
The Brady Bunch
62.6%
That 70's Show
61.8%
TV Show % Correct
All in the Family
60.8%
The Dick Van Dyke Show
56.9%
Diff'rent Strokes
55%
3rd Rock from the Sun
51.7%
Phineas & Ferb
51.5%
Get Smart
49.9%
The Addams Family
49.8%
The Drew Carey Show
47.6%
The Andy Griffith Show
46.1%
Murphy Brown
44%
Night Court
43.8%
Laverne & Shirley
43.1%
The Honeymooners
41.8%
ER
39.6%
The Dukes of Hazzard
37.7%
It's Always Sunny in Philadelphia
37.5%
Saved by the Bell
36.8%
Perfect Strangers
36.5%
Family Ties
33.5%
Gilligan's Island
30.6%
Newsradio
29.4%
Remove Ads.
Support Sporcle.
Get the best of Sporcle when you Go Orange. This ad-free experience offers more features, more stats, and more fun while also helping to support Sporcle. Thank you for becoming a member.

You're not logged in!

Compare scores with friends on all Sporcle quizzes.
OR
Log In

Show Comments

Extras

Top Quizzes Today


Score Distribution

Your Account Isn't Verified!

In order to create a playlist on Sporcle, you need to verify the email address you used during registration. Go to your Sporcle Settings to finish the process.

Report this User

Report this user for behavior that violates our Community Guidelines.

Details: